| 000 | 01786nam0a2200361 4500 | ||
|---|---|---|---|
| 001 | RU\NLR\bibl\968769 | ||
| 005 | 20260405123708.0 | ||
| 010 |
_a5-94826-115-8 _9500 |
||
| 021 |
_aRU _b2006-37287 _91871 |
||
| 035 | _a(NLR Aleph) 000956741 | ||
| 090 |
_a314001 _c314001 |
||
| 100 | _a20060719d2005 |||y0rusy50 ca | ||
| 101 | 0 | _arus | |
| 102 | _aRU | ||
| 105 | _aa ||||||||| | ||
| 200 | 1 |
_aСтруктурно-целевой анализ и синтез организационно-технических комплексов _dStructural-purpose analysis and synthesis of organizational-technical systems _e(на примере рыбохозяйственных комплексов) _fЛ.М. Лукьянова _gКалинигр. гос. техн. ун-т _zeng |
|
| 210 |
_aКалининград _cКалининградский государственный технический университет _d2005 |
||
| 215 |
_a160,[1] с. _cил. _d21 |
||
| 300 | _aАвт. также на англ. яз.: Ljudmila M. Lukianova | ||
| 320 | _aБиблиогр.: с. 117-126 (123 назв.) | ||
| 510 | 0 |
_6z22790 _aStructural-purpose analysis and synthesis of organizational-technical systems _zeng |
|
| 606 | 1 |
_aРыбообрабатывающая промышленность _xУправление _92433688 _3RU\NLR\auth\661448358 |
|
| 686 | _aУ35(2)252-21 | ||
| 700 | 1 |
_4070 _8rus _7ca _aЛукьянова _bЛ.М. _gЛюдмила Михайловна _3RU\NLR\auth\7749304 _932239 |
|
| 790 | 1 |
_4070 _8rus _7ba _aLuk'janova _bL. M. _gLjudmila Michajlovna _3RU\NLR\AUTH\7749305 _932240 |
|
| 801 | 0 |
_aRU _bNLR _c20060719 _grcr |
|
| 801 | 1 |
_aRU _bNLR _c20060719 |
|
| 830 | _aавт. по кн. | ||
| 942 | _cBOOK | ||
| 980 | _aNB | ||
| 980 | _aNBR | ||